00487nam a2200193 a 4500001001300000003000900013005001700022008004100039020001000080082001700090100001600107245001800123260004800141300000900189500003500198505002100233650002300254700001600277nice12345678IN_TiNIC20260116011834.0050524s1933 laha grp 000 0 urd  ac10000a232.96bZWE1 aZwemer, S M aShan-E-Saleeb aLahorebPunjab Religious Booksociety c1933 a167p aincludes index and biblioraphy2 aMap and Appendex aJesus Christ-Death1 aZwemer, S M